banner koha

Efici~encia in vitro de uma formulação comercial de Beauveria bassina no controle de Dermacentor nitens (Registro n. 236870)

MARC details
000 -LÍDER
campo de controle de tamanho fixo 01183nas a2200385 4500
001 - NÚMERO DE CONTROLE
campo de controle BR2014003024
003 - IDENTIFICADOR DO NÚMERO DE CONTROLE
campo de controle BR-BrBNA
005 - DATA E HORÁRIO DA ÚLTIMA TRANSAÇÃO
campo de controle 20231205124015.0
007 - CAMPO FIXO DE DESCRIÇÃO FÍSICA--INFORMAÇÃO GERAL
campo de controle de tamanho fixo ta
008 - CAMPO DE DADOS FIXOS--INFORMAÇÃO GERAL
campo de controle de tamanho fixo 230509b bl.|||p| |||| 00| 00por d
040 ## - FONTE DA CATALOGAÇÃO
Instituição da catalogação original BR-BrBNA
Idioma da catalogação por
Instituição que transcreveu o registro Biblioteca Nacional de Agricultura
041 ## - CÓDIGO DE IDIOMA
Código do idioma do texto/trilha sonora ou título diferente (Pt)
072 ## - CÓDIGO DE CATEGORIA DE ASSUNTO
Código de Categoria de Assunto L72
100 1# - ENTRADA PRINCIPAL--NOME PESSOAL
Nome pessoal Perinotto, W.M. de S.
100 1# - ENTRADA PRINCIPAL--NOME PESSOAL
Nome pessoal Angelo, I. da C.
100 1# - ENTRADA PRINCIPAL--NOME PESSOAL
Nome pessoal Gôlo, P.S.
100 1# - ENTRADA PRINCIPAL--NOME PESSOAL
Nome pessoal Camargo, M.G.
100 1# - ENTRADA PRINCIPAL--NOME PESSOAL
Nome pessoal Sá, F.A. de
100 1# - ENTRADA PRINCIPAL--NOME PESSOAL
Nome pessoal Monteiro, C.M. de O.
100 1# - ENTRADA PRINCIPAL--NOME PESSOAL
Nome pessoal Rodrigues, C.J.B.C.
100 1# - ENTRADA PRINCIPAL--NOME PESSOAL
Nome pessoal Quineleto, S.
100 1# - ENTRADA PRINCIPAL--NOME PESSOAL
Nome pessoal Paulo, J.F. de
100 1# - ENTRADA PRINCIPAL--NOME PESSOAL
Nome pessoal Bittencourt, V.R.E.P.
245 1# - TÍTULO
Título Efici~encia in vitro de uma formulação comercial de Beauveria bassina no controle de Dermacentor nitens
650 ## - ASSUNTO--TERMO TÓPICO
Cabeçalho tópico ou nome geográfico EQUINO
650 ## - ASSUNTO--TERMO TÓPICO
Cabeçalho tópico ou nome geográfico BEAUVERIA BASSIANA
650 ## - ASSUNTO--TERMO TÓPICO
Cabeçalho tópico ou nome geográfico FUNGO
650 ## - ASSUNTO--TERMO TÓPICO
Cabeçalho tópico ou nome geográfico CARRAPATO
650 ## - ASSUNTO--TERMO TÓPICO
Cabeçalho tópico ou nome geográfico CONTROLE BIOLÓGICO
650 ## - ASSUNTO--TERMO TÓPICO
Cabeçalho tópico ou nome geográfico TRANSMISSÃO DE DOENÇA
650 ## - ASSUNTO--TERMO TÓPICO
Cabeçalho tópico ou nome geográfico CRIAÇÃO MASSAL
773 0# - ENTRADA ANALÍTICA
Título Revista Brasileira de Medicina Veterinária (Brazil)
ISSN - International Standard Serial Number ISSN 0100-2430
Partes relacionadas (Dec 2012), v. 34(supl. 1) p. 83-88
Número de controle do registro BR2014003024
909 ## -
-- 202311
-- Lúcia
-- 55
-- Lúcia Elande
942 ## - ELEMENTOS DE ENTRADA ADICIONADOS (KOHA)
Fonte da classificação ou esquema de arquivamento na estante Classificação AGRIS
Ocultar no OPAC Não
Tipo de material Koha Analítica
Exemplares
Situação do descarte Fonte da classificação ou esquema de arquivamento na estante Situação física Não pode ser emprestado Biblioteca de origem Biblioteca atual Localização na estante Enumeração do periódico / cronologia Total de empréstimos Data de último acesso Número do exemplar Tipo de material Koha Fonte de aquisição
  Classificação AGRIS   Consulta local Biblioteca Nacional de Agricultura - Binagri Biblioteca Nacional de Agricultura - Binagri   (Dec 2012), v. 34(supl. 1) p. 83-88   29/11/2023 01 Periódicos Portaria Interministerial nº 164/94

BINAGRI

Telefone: (61)3218-2567/2388/3357/2097 - binagri@agro.gov.br

Ministério da Agricultura e Pecuária , Esplanada dos Ministérios, Bloco D, Anexo B, Brasília/DF, CEP: 70.043-900